Bài tập vật lí đại cương

সংরক্ষণ করুন:
গ্রন্থ-পঞ্জীর বিবরন
প্রধান লেখক: Đặng, Thi Mai
অন্যান্য লেখক: Nguyễn, Phúc Thuần
বিন্যাস: গ্রন্থ
ভাষা:Undetermined
প্রকাশিত: H. Giáo dục 2001
বিষয়গুলি:
অনলাইন ব্যবহার করুন:http://lrc.tdmu.edu.vn/opac/search/detail.asp?aID=2&ID=6255
ট্যাগগুলো: ট্যাগ যুক্ত করুন
কোনো ট্যাগ নেই, প্রথমজন হিসাবে ট্যাগ করুন!
Thư viện lưu trữ: Trung tâm Học liệu Trường Đại học Thủ Dầu Một
LEADER 00631nam a2200205Ia 4500
001 TDMU_6255
008 210410s9999 xx 000 0 und d
082 |a 530.076 
090 |b Đ116 
100 |a Đặng, Thi Mai 
245 0 |a Bài tập vật lí đại cương 
245 0 |c Đặng Thị Mai 
260 |a H. 
260 |b Giáo dục 
260 |c 2001 
300 |a 363tr 
650 |a Sách đại học; Vật lí 
700 |a Nguyễn, Phúc Thuần 
856 |u http://lrc.tdmu.edu.vn/opac/search/detail.asp?aID=2&ID=6255 
980 |a Trung tâm Học liệu Trường Đại học Thủ Dầu Một